[Event "ICS Rated blitz match"]
[Site "204.178.125.65"]
[Date "2000.10.03"]
[Round "?"]
[White "Hossa"]
[Black "cthornell"]
[Result "1-0"]
[WhiteElo "2514"]
[BlackElo "1902"]
[PlyCount "119"]
[EventDate "2000.??.??"]

1. e4 e6 2. d4 d5 3. Nc3 Bb4 4. e5 c5 5. a3 Bxc3+ 6. bxc3 Ne7 7. Qg4 Qc7 8.
Qxg7 Rg8 9. Qxh7 cxd4 10. Ne2 Nbc6 11. f4 Bd7 12. Qd3 dxc3 13. Qxc3 O-O-O 14.
Kf2 Kb8 15. Rb1 b6 16. Bd2 Bc8 17. a4 Bb7 18. Ng3 d4 19. Qb2 Ka8 20. Bd3 Nd5
21. Ne4 Rg7 22. Nd6 Bc8 23. g3 f6 24. Nb5 Qd7 25. Nxd4 fxe5 26. Nxc6 Qxc6 27.
Qxe5 Rgd7 28. a5 Bb7 29. a6 Bc8 30. Kg1 Nc7 31. Be4 Nd5 32. Ra1 Qc5+ 33. Kg2
Rc7 34. Bb4 Qxb4 35. Bxd5+ Kb8 36. Be4 Qd2+ 37. Kf3 Qc3+ 38. Qxc3 Rxc3+ 39. Ke2
Bd7 40. Kd2 Rc4 41. Bd3 Bc6 42. Rhg1 Rc5 43. h4 Bb5 44. g4 e5 45. fxe5 Rxe5 46.
g5 Re4 47. h5 Rh4 48. h6 Rh2+ 49. Ke3 Bxd3 50. cxd3 Rh3+ 51. Kf4 Rhxd3 52. g6
R8d4+ 53. Kf5 Rd5+ 54. Kf6 Rd6+ 55. Kg7 Rd7+ 56. Kg8 Rd8+ 57. Kh7 Rh3 58. g7
Rd6 59. g8=Q+ Kc7 60. Qf7+ {cthornell resigns} 1-0

[Event "ICS rated blitz match"]
[Site "204.178.125.65"]
[Date "2000.10.03"]
[Round "?"]
[White "Hossa"]
[Black "RICPUR"]
[Result "1-0"]
[WhiteElo "2515"]
[BlackElo "2000"]
[PlyCount "83"]
[EventDate "2000.??.??"]

1. e4 c5 2. c3 Nf6 3. e5 Nd5 4. d4 cxd4 5. Nf3 Nc6 6. cxd4 d6 7. Bc4 Nb6 8. Bb5
d5 9. Nc3 Bg4 10. h3 Bh5 11. g4 Bg6 12. h4 h6 13. e6 fxe6 14. Ne5 Be4 15. Nxc6
bxc6 16. Bxc6+ Kf7 17. Nxe4 dxe4 18. Bxa8 Qxa8 19. Be3 g6 20. h5 g5 21. Rc1 Nd5
22. Rc4 Bg7 23. Rf1 Nb6 24. Rc5 Rd8 25. Rc7 Ke8 26. Qb3 Nd5 27. Qa4+ Kf8 28.
Rxa7 Qb8 29. Qa5 Rc8 30. Qa6 Re8 31. Rb7 Qc8 32. a3 Kg8 33. Kd2 Rf8 34. Rc1 Qe8
35. Qxe6+ Qf7 36. Qxe4 Nxe3 37. fxe3 Qf2+ 38. Kd3 Bf6 39. Qg6+ Bg7 40. Rxe7 Qf6
41. Rec7 Qxg6+ 42. hxg6 {RICPUR resigns} 1-0

[Event "ICS rated blitz match"]
[Site "204.178.125.65"]
[Date "2000.10.03"]
[Round "?"]
[White "Baruch"]
[Black "Hossa"]
[Result "0-1"]
[WhiteElo "2059"]
[BlackElo "2517"]
[PlyCount "22"]
[EventDate "2000.??.??"]

1. e4 e5 2. Nf3 Nc6 3. d4 exd4 4. Nxd4 Qh4 5. Nxc6 Qxe4+ 6. Be3 Qxc6 7. Nc3 Ba3
8. Bb5 Qxg2 9. Rf1 Bxb2 10. Nd5 Be5 11. Qe2 Qxd5 {Baruch resigns} 0-1

[Event "ICS rated blitz match"]
[Site "204.178.125.65"]
[Date "2000.10.03"]
[Round "?"]
[White "Hossa"]
[Black "Baruch"]
[Result "1-0"]
[WhiteElo "2519"]
[BlackElo "2057"]
[PlyCount "85"]
[EventDate "2000.??.??"]

1. e4 e5 2. Nf3 Nc6 3. Bb5 Nf6 4. O-O Nxe4 5. d4 Nd6 6. Bxc6 dxc6 7. dxe5 Nf5
8. Qxd8+ Kxd8 9. Nc3 Ke8 10. b3 Bb4 11. Bd2 Be6 12. Nb5 cxb5 13. Bxb4 Rd8 14.
Rfd1 Ne7 15. Rxd8+ Kxd8 16. Rd1+ Ke8 17. Nd4 c6 18. Nxe6 fxe6 19. Rd6 Nd5 20.
Bc5 b6 21. Ba3 b4 22. Bb2 Ke7 23. Rxc6 Rd8 24. Kf1 a5 25. Bd4 Rb8 26. g3 Rb7
27. h3 Rb8 28. Ke2 Rb7 29. Kd3 Rb8 30. h4 Rb7 31. h5 g6 32. h6 Rb8 33. Kc4 Rb7
34. Kb5 Rb8 35. a4 Rb7 36. Bxb6 Nxb6 37. Rxb6 Rd7 38. Kxa5 Rd2 39. Rb7+ Kf8 40.
Rxh7 Rxf2 41. Rh8+ Kf7 42. Rc8 Rh2 43. h7 {Baruch resigns} 1-0

[Event "ICS rated blitz match"]
[Site "204.178.125.65"]
[Date "2000.10.03"]
[Round "?"]
[White "Hossa"]
[Black "vigleik"]
[Result "1/2-1/2"]
[WhiteElo "2515"]
[BlackElo "2283"]
[PlyCount "106"]
[EventDate "2000.??.??"]

1. e4 c5 2. c3 d5 3. exd5 Qxd5 4. d4 cxd4 5. cxd4 Nc6 6. Nf3 e5 7. Nc3 Bb4 8.
Bd2 Bxc3 9. Bxc3 e4 10. Nd2 Nf6 11. Bc4 Qd6 12. O-O O-O 13. Re1 Bf5 14. f3 exf3
15. Nxf3 Bg4 16. Be2 Rad8 17. Rf1 Bxf3 18. Bxf3 Nxd4 19. Bxb7 Qb6 20. Kh1 Qxb7
21. Rxf6 Nb3 22. Qxb3 Qxb3 23. axb3 gxf6 24. Bxf6 Rd2 25. h3 Ra8 26. Kh2 h6 27.
Ra6 Kh7 28. Bc3 Rf2 29. Kg1 Rf5 30. Bd4 Rd5 31. Rxa7 Rxa7 32. Bxa7 Rb5 33. Bd4
Rxb3 34. Bc3 Kg6 35. Kf2 Kf5 36. Kf3 Rb6 37. b4 Ke6 38. Ke4 Rc6 39. Kd4 Kd6 40.
b5 Rc8 41. Bd2 Rg8 42. Bf4+ Kd7 43. g4 Rg6 44. Kc5 h5 45. b6 Kc8 46. gxh5 Rf6
47. Bc7 Rh6 48. Kd5 Kb7 49. Ke5 Rxh5+ 50. Kf6 Rxh3 51. Kxf7 Rh7+ 52. Kg8 Rxc7
53. bxc7 Kxc7 {Game drawn because neither player has mating material} 1/2-1/2

[Event "ICS rated blitz match"]
[Site "204.178.125.65"]
[Date "2000.10.03"]
[Round "?"]
[White "LoadedGun"]
[Black "Hossa"]
[Result "1-0"]
[WhiteElo "2176"]
[BlackElo "2506"]
[PlyCount "177"]
[EventDate "2000.??.??"]

1. Nf3 d5 2. e3 e6 3. Bb5+ c6 4. Bd3 e5 5. Nxe5 Qg5 6. f4 Qxg2 7. Qf3 Bh3 8.
Qxg2 Bxg2 9. Rg1 Bh3 10. Rg3 Bc8 11. b3 Nh6 12. Ba3 Nf5 13. Rg5 Bxa3 14. Nxa3
g6 15. Nf3 Nh6 16. Nd4 Ng4 17. Be2 h5 18. f5 Nxh2 19. fxg6 fxg6 20. O-O-O Bg4
21. Rh1 Bxe2 22. Nxe2 Nf3 23. Rxg6 Nd7 24. Rg3 Nfe5 25. Nf4 Nf6 26. Rg5 Nf3 27.
Rf5 Ne4 28. Nxd5 cxd5 29. Rxf3 Ke7 30. c4 dxc4 31. Rh4 Nc5 32. Nxc4 Nd3+ 33.
Kd1 Rh6 34. Re4+ Re6 35. Rd4 Ne5 36. Rf5 Nxc4 37. Rxc4 Rh6 38. Rc7+ Kd6 39.
Rxb7 Kc6 40. Rbb5 h4 41. Rfc5+ Kd7 42. Rh5 Rg6 43. Rxh4 a6 44. Rb7+ Kc6 45.
Rhh7 Rg1+ 46. Kc2 Rc8 47. Rb4 Kd5+ 48. Kd3 Rg6 49. a4 Rf8 50. Rh5+ Kc6 51. a5
Kd7 52. Rh7+ Kc8 53. Rc4+ Kb8 54. Rd4 Rc6 55. Rb4+ Ka8 56. e4 Rc5 57. Rbb7 Rxa5
58. Ra7+ Kb8 59. Rhb7+ Kc8 60. Rg7 Kb8 61. Rab7+ Kc8 62. Kc4 Re5 63. d3 Rf6 64.
Rgc7+ Kd8 65. Ra7 Rg5 66. Rh7 Rc6+ 67. Kd4 Rg8 68. b4 Rc8 69. Rxa6 Rb8 70. b5
Ke8 71. Kc4 Rc8+ 72. Rc6 Ra8 73. b6 Rg1 74. Rh8+ Kd7 75. Rc7+ Kd6 76. Rxa8 Rb1
77. Rd8+ Ke6 78. Re8+ Kf6 79. b7 Rc1+ 80. Kb3 Rb1+ 81. Kc2 Rb6 82. e5+ Kg6 83.
Rf8 Re6 84. b8=Q Kh5 85. Rh7+ Kg6 86. Qb7 Rc6+ 87. Qxc6+ Kxh7 88. Rf7+ Kg8 89.
Qe8# {Hossa checkmated} 1-0

[Event "ICS rated blitz match"]
[Site "204.178.125.65"]
[Date "2000.10.03"]
[Round "?"]
[White "dqjr2"]
[Black "Hossa"]
[Result "0-1"]
[WhiteElo "2004"]
[BlackElo "2478"]
[PlyCount "61"]
[EventDate "2000.??.??"]

1. d4 d5 2. Nf3 Nf6 3. e3 e6 4. Bd3 c5 5. c3 Be7 6. Nbd2 Nc6 7. O-O O-O 8. h3
c4 9. Bb1 Qc7 10. Qc2 Bd7 11. g4 e5 12. g5 exd4 13. exd4 g6 14. gxf6 Bxf6 15.
Kg2 Rae8 16. Rh1 Re7 17. Nf1 Rfe8 18. Ng3 Bg7 19. Bd2 Bc8 20. a3 b6 21. Ba2 a6
22. Raf1 Bd7 23. Bb1 Na5 24. Bc1 Nb3 25. Be3 Ba4 26. Qe2 f5 27. Bxf5 gxf5 28.
Nxf5 Rf7 29. Nxg7 Rxg7+ 30. Ng5 Rxg5+ 31. Bxg5 {dqjr2 resigns} 0-1

[Event "ICS rated blitz match"]
[Site "204.178.125.65"]
[Date "2000.10.03"]
[Round "?"]
[White "Hossa"]
[Black "dqjr2"]
[Result "1-0"]
[WhiteElo "2480"]
[BlackElo "2002"]
[PlyCount "107"]
[EventDate "2000.??.??"]

1. e4 e6 2. d4 d5 3. Nc3 dxe4 4. Nxe4 Nf6 5. Bg5 Be7 6. Nxf6+ Bxf6 7. Bxf6 Qxf6
8. Nf3 O-O 9. Bc4 b6 10. Qd3 Bb7 11. O-O-O Bxf3 12. gxf3 Rd8 13. Qe4 Nd7 14. h4
Nf8 15. Bb5 a6 16. Bc6 Rab8 17. h5 h6 18. Kb1 Rd6 19. f4 Rbd8 20. c3 b5 21. Kc1
Rb8 22. Rhg1 Rb6 23. d5 exd5 24. Bxd5 c6 25. Bb3 Rxd1+ 26. Rxd1 c5 27. Qe5 c4
28. Bc2 Qxe5 29. fxe5 Ne6 30. Rd6 Rxd6 31. exd6 Kf8 32. Be4 Ke8 33. Bc6+ Kd8
34. Kc2 Nf4 35. Bb7 a5 36. Ba6 Nxh5 37. Bxb5 Nf4 38. Bxc4 f6 39. Kb3 h5 40. Bb5
h4 41. Ka4 h3 42. Kxa5 h2 43. Bc6 Ne6 44. b3 g5 45. Kb6 f5 46. a4 g4 47. a5 f4
48. a6 f3 49. a7 Nc7 50. dxc7+ Ke7 51. c8=Q h1=Q 52. a8=Q Qg2 53. Qf8+ Ke6 54.
Qae8# {dqjr2 checkmated} 1-0

[Event "ICS rated blitz match"]
[Site "204.178.125.65"]
[Date "2000.10.03"]
[Round "?"]
[White "fueguino"]
[Black "Hossa"]
[Result "0-1"]
[WhiteElo "2141"]
[BlackElo "2482"]
[PlyCount "74"]
[EventDate "2000.??.??"]

1. d4 d5 2. c4 c6 3. Nf3 Nf6 4. Nc3 e6 5. cxd5 exd5 6. Bg5 Be7 7. e3 Be6 8. Bd3
Nbd7 9. Qc2 O-O 10. O-O h6 11. Bxf6 Nxf6 12. Ne5 Bd6 13. f4 Re8 14. Rf3 Re7 15.
Rg3 Qb6 16. Bf5 Bxf5 17. Qxf5 Qxb2 18. Rb1 Qxc3 19. Qxf6 Qxe3+ 20. Kh1 Qxg3 21.
Qxd6 Qh4 22. g3 Qf6 23. Qc5 Qf5 24. Qxe7 Qxb1+ 25. Kg2 f6 26. Qf7+ Kh7 27. Nd7
Qxa2+ 28. Kh3 Kh8 29. Nxf6 Qa6 30. Nh5 Qf1+ 31. Kh4 Rg8 32. Nxg7 Qe2 33. h3
Rxg7 34. Qf8+ Kh7 35. Qf5+ Kg8 36. Qc8+ Kf7 37. Qf5+ Ke7 {fueguino resigns} 0-1

[Event "ICS rated blitz match"]
[Site "204.178.125.65"]
[Date "2000.10.03"]
[Round "?"]
[White "Hossa"]
[Black "dqjr2"]
[Result "1-0"]
[WhiteElo "2486"]
[BlackElo "1991"]
[PlyCount "60"]
[EventDate "2000.??.??"]

1. e4 e6 2. d4 d5 3. Nc3 dxe4 4. Nxe4 Nf6 5. Bg5 Be7 6. Nxf6+ Bxf6 7. Bxf6 Qxf6
8. Nf3 O-O 9. Bc4 Rd8 10. b4 Nc6 11. c3 a6 12. O-O b5 13. Bd3 Bb7 14. Qc2 h6
15. Rfe1 Ne7 16. Ne5 Qg5 17. Bh7+ Kf8 18. Be4 Nd5 19. f4 Qf6 20. f5 exf5 21.
Bxf5 Ne7 22. Nd7+ Rxd7 23. Bxd7 Nd5 24. Qh7 g5 25. Rac1 Rd8 26. Bg4 Nf4 27. g3
Nd5 28. Bh5 Re8 29. Rxe8+ Kxe8 30. Rf1 Qe6 {dqjr2 resigns} 1-0

[Event "ICS rated blitz match"]
[Site "204.178.125.65"]
[Date "2000.10.03"]
[Round "?"]
[White "Hossa"]
[Black "varon1968"]
[Result "1-0"]
[WhiteElo "2488"]
[BlackElo "2087"]
[PlyCount "95"]
[EventDate "2000.??.??"]

1. e4 c5 2. Nf3 e6 3. d4 cxd4 4. Nxd4 a6 5. Bd3 Qc7 6. O-O Nc6 7. Nxc6 dxc6 8.
Be3 e5 9. Nd2 Be6 10. Bc4 Qc8 11. Qh5 Bd6 12. Qg5 g6 13. Bb6 h6 14. Qe3 Nf6 15.
Rfd1 Ng4 16. Qd3 Be7 17. f3 Nf6 18. Bxe6 Qxe6 19. Nc4 O-O 20. b3 Nh5 21. Qd7
Qf6 22. a3 Qg5 23. Qxb7 Nf4 24. Rd2 Rab8 25. Qxa6 Ra8 26. Qb7 Rab8 27. Qxc6
Rfc8 28. Bc7 Ra8 29. Qd7 Bc5+ 30. Kf1 Ne6 31. Bxe5 Rd8 32. Qc6 Rxd2 33. Qxa8+
Rd8 34. Qa5 Qh4 35. Qe1 Qg5 36. Qg3 Qe7 37. a4 Qd7 38. Bf6 Rc8 39. Qh3 Kh7 40.
Qg4 Ba7 41. f4 Qc6 42. Rd1 Qc5 43. Qg3 Qg1+ 44. Ke2 Qc5 45. Rd7 Rf8 46. f5 Ng5
47. Be7 Nxe4 48. fxg6+ {varon1968 resigns} 1-0

[Event "ICS rated blitz match"]
[Site "204.178.125.65"]
[Date "2000.10.03"]
[Round "?"]
[White "fueguino"]
[Black "Hossa"]
[Result "0-1"]
[WhiteElo "2128"]
[BlackElo "2491"]
[PlyCount "94"]
[EventDate "2000.??.??"]

1. d4 d5 2. c4 e6 3. Nc3 Nf6 4. Bg5 Be7 5. Nf3 O-O 6. e3 Nbd7 7. Qc2 dxc4 8.
Bxc4 Nb6 9. Bd3 h6 10. Bh4 Nbd5 11. a3 Nxc3 12. bxc3 c5 13. O-O cxd4 14. cxd4
Bd6 15. e4 g5 16. Bg3 Bxg3 17. fxg3 g4 18. e5 Ne8 19. Nh4 Qxd4+ 20. Kh1 Qxe5
21. Rae1 Qa5 22. Bh7+ Kh8 23. Ng6+ fxg6 24. Rxf8+ Kxh7 25. Ref1 Ng7 26. Rxc8
Rxc8 27. Qxc8 Qxa3 28. Qxb7 a5 29. h3 Qxg3 30. hxg4 Qxg4 31. Rf7 Qh4+ 32. Kg1
Qd4+ 33. Kh1 a4 34. Qa7 Qa1+ 35. Kh2 a3 36. Rf8 Qe5+ 37. g3 Qh5+ 38. Kg2 Qd5+
39. Kh2 Qb3 40. Qa8 g5 41. Rb8 Qc2+ 42. Kh3 a2 43. Rh8+ Kg6 44. Qg8 Qf5+ 45.
Kg2 Qe4+ 46. Kh3 Qh1+ 47. Kg4 Qh5# {fueguino checkmated} 0-1

[Event "ICS rated blitz match"]
[Site "204.178.125.65"]
[Date "2000.10.03"]
[Round "?"]
[White "Hossa"]
[Black "fueguino"]
[Result "1-0"]
[WhiteElo "2495"]
[BlackElo "2124"]
[PlyCount "65"]
[EventDate "2000.??.??"]

1. e4 c5 2. Nf3 Nc6 3. d4 cxd4 4. Nxd4 Qb6 5. Nb3 Nf6 6. Nc3 e6 7. Bd3 d6 8.
Be3 Qc7 9. Nb5 Qb8 10. O-O a6 11. N5d4 e5 12. Nf3 Be7 13. Qe2 O-O 14. c3 b5 15.
Rad1 Bg4 16. Bb1 a5 17. Bd3 a4 18. Nbd2 b4 19. Nc4 a3 20. cxb4 axb2 21. a3 Nd4
22. Bxd4 exd4 23. Qxb2 d5 24. exd5 Bxf3 25. gxf3 Nxd5 26. Qxd4 Nf6 27. Rfe1 Rd8
28. Qe5 Bd6 29. Nxd6 Rxd6 30. Qxd6 Qxd6 31. Bxh7+ Nxh7 32. Rxd6 Rxa3 33. Re8+ {
fueguino resigns} 1-0

[Event "ICS rated blitz match"]
[Site "204.178.125.65"]
[Date "2000.10.03"]
[Round "?"]
[White "Hossa"]
[Black "Pape"]
[Result "1-0"]
[WhiteElo "2501"]
[BlackElo "1924"]
[PlyCount "35"]
[EventDate "2000.??.??"]

1. e4 g6 2. d4 Nf6 3. e5 Nh5 4. Nf3 d6 5. exd6 Qxd6 6. Bb5+ c6 7. Bc4 Nd7 8.
Ng5 e6 9. O-O Nb6 10. Ne4 Qc7 11. Bb3 Nd5 12. c4 Ndf4 13. Qf3 Bd6 14. g4 Ne2+
15. Qxe2 Bxh2+ 16. Kh1 Nf4 17. Qf3 h5 18. g5 {Pape resigns} 1-0

[Event "ICS rated blitz match"]
[Site "204.178.125.65"]
[Date "2000.10.03"]
[Round "?"]
[White "Valg"]
[Black "Hossa"]
[Result "0-1"]
[WhiteElo "2439"]
[BlackElo "2502"]
[PlyCount "104"]
[EventDate "2000.??.??"]

1. e4 e5 2. Bc4 Nf6 3. d3 Nc6 4. Nf3 Bc5 5. Nc3 d6 6. Bg5 h6 7. Bxf6 Qxf6 8.
Nd5 Qd8 9. c3 O-O 10. b4 Bb6 11. a4 a5 12. O-O Ba7 13. Bb5 Nxb4 14. cxb4 c6 15.
bxa5 cxd5 16. exd5 Bg4 17. h3 Bxf3 18. Qxf3 Qxa5 19. Qf5 Qd2 20. Rfd1 Qb2 21.
Rac1 Bc5 22. Re1 Rfc8 23. Rc4 Rc7 24. Rec1 Rac8 25. R1c2 Qb3 26. Rc1 b6 27. Qf3
Qb2 28. Ba6 Ra8 29. R1c2 Qa1+ 30. Rc1 Qa2 31. Bb5 Qd2 32. Rd1 Qa5 33. Qe2 Rac8
34. Rdc1 Qa8 35. Qe4 Qb7 36. Bc6 Qa7 37. Qf5 Qa5 38. Bb7 g6 39. Qg4 h5 40.
Qxc8+ Rxc8 41. Bxc8 Qd2 42. d4 exd4 43. f3 d3+ 44. Kh2 Qe2 45. Re4 d2 46. Rxe2
dxc1=Q 47. Kg3 h4+ 48. Kg4 Be3 49. Ba6 Bg5 50. Re8+ Kh7 51. Re3 Qxe3 52. g3 f5#
{Valg checkmated} 0-1

[Event "ICS rated blitz match"]
[Site "204.178.125.65"]
[Date "2000.10.03"]
[Round "?"]
[White "QueenMaxima"]
[Black "Hossa"]
[Result "0-1"]
[WhiteElo "2558"]
[BlackElo "2515"]
[PlyCount "90"]
[EventDate "2000.??.??"]

1. d4 Nf6 2. Bf4 g6 3. Nf3 Bg7 4. e3 O-O 5. Nbd2 d6 6. h3 c5 7. c3 Bf5 8. dxc5
dxc5 9. Qb3 Qc8 10. O-O-O a5 11. Bc4 a4 12. Qa3 Nbd7 13. g4 Be4 14. g5 Bxf3 15.
gxf6 Bxh1 16. fxg7 Rd8 17. Rxh1 b5 18. Bxb5 Qb7 19. Rg1 Qxb5 20. c4 Qa5 21. Bh6
Ne5 22. Ne4 f5 23. Ng5 Nd3+ 24. Kd1 Rab8 25. Nf3 Ne5+ 26. Ke2 Nxc4 27. Qc3
Rxb2+ 28. Qxb2 Nxb2 29. Kf1 Qb4 30. Kg2 Nd3 31. Rf1 Qa3 32. Ne1 Nxe1+ 33. Rxe1
Qxa2 34. Rc1 Qb2 35. Rxc5 a3 36. Bf4 a2 37. Ra5 a1=Q 38. Rxa1 Qxa1 39. Bg5 Rd1
40. Kf3 Rg1 41. Bxe7 Qb1 42. Bf6 Qd1+ 43. Kf4 Qd6+ 44. Be5 g5+ 45. Kxf5 Qg6# {
QueenMaxima checkmated} 0-1

[Event "ICS rated blitz match"]
[Site "204.178.125.65"]
[Date "2000.10.03"]
[Round "?"]
[White "Hossa"]
[Black "QueenMaxima"]
[Result "1-0"]
[WhiteElo "2533"]
[BlackElo "2540"]
[PlyCount "85"]
[EventDate "2000.??.??"]

1. e4 c5 2. Nf3 e6 3. d4 cxd4 4. Nxd4 Nf6 5. Nc3 Bb4 6. e5 Ne4 7. Qg4 Nxc3 8.
Qxg7 Rf8 9. a3 Nb5+ 10. axb4 Nxd4 11. Bg5 Nxc2+ 12. Kd1 Qxg5 13. Qxg5 Nxa1 14.
b5 b6 15. Qc1 Bb7 16. Qxa1 f6 17. b4 fxe5 18. Qxe5 Rxf2 19. Qh8+ Rf8 20. Qxh7
Kd8 21. Kd2 Rf2+ 22. Ke3 Ra2 23. Be2 Ra3+ 24. Bd3 a5 25. Qh4+ Ke8 26. Rf1 Nc6
27. Qf6 Rxd3+ 28. Kxd3 Ne5+ 29. Qxe5 axb4 30. Qd6 Ra3+ 31. Kc4 Bf3 32. Rxf3
Rxf3 33. gxf3 Kd8 34. Kxb4 Ke8 35. Qxb6 Ke7 36. Qc5+ Kf7 37. Qd6 Kf6 38. b6 Kf7
39. b7 Kf6 40. b8=Q Kf7 41. Qbf8+ Kg6 42. Qg3+ Kh5 43. Qh8# {
QueenMaxima checkmated} 1-0

[Event "ICS rated blitz match"]
[Site "204.178.125.65"]
[Date "2000.10.03"]
[Round "?"]
[White "QueenMaxima"]
[Black "Hossa"]
[Result "1-0"]
[WhiteElo "2524"]
[BlackElo "2549"]
[PlyCount "66"]
[EventDate "2000.??.??"]

1. d4 Nf6 2. Bf4 g6 3. Nf3 Bg7 4. e3 O-O 5. Nbd2 d6 6. h3 c5 7. c3 Bf5 8. dxc5
dxc5 9. Qb3 Qc8 10. O-O-O Nc6 11. Qa3 Rd8 12. Qxc5 Rd5 13. Qa3 Bf8 14. Qa4 Ra5
15. Qb3 e5 16. Ng5 Qc7 17. Bh2 Nb4 18. e4 Nxa2+ 19. Kc2 Bc8 20. Nc4 Nxe4 21.
Nxe4 Bf5 22. f3 Be6 23. Ng5 Bd5 24. Rxd5 Nb4+ 25. Kb1 Rxd5 26. cxb4 Qe7 27. Ne4
Rb5 28. Qc3 Bg7 29. Ne3 a6 30. Bxb5 axb5 31. Rd1 Bh6 32. Bxe5 Bg7 33. Bxg7 Qe6
{Hossa resigns} 1-0

[Event "ICS rated blitz match"]
[Site "204.178.125.65"]
[Date "2000.10.03"]
[Round "?"]
[White "Hossa"]
[Black "QueenMaxima"]
[Result "1-0"]
[WhiteElo "2532"]
[BlackElo "2541"]
[PlyCount "107"]
[EventDate "2000.??.??"]

1. e4 c5 2. Nf3 e6 3. d4 cxd4 4. Nxd4 Nf6 5. Nc3 Bb4 6. e5 Ne4 7. Qg4 Nxc3 8.
Qxg7 Rf8 9. a3 Nb5+ 10. axb4 Nxd4 11. Bg5 Nxc2+ 12. Kd1 Qxg5 13. Qxg5 Nxa1 14.
b5 b6 15. Qc1 Bb7 16. Qxa1 f6 17. b4 fxe5 18. Qxe5 Rxf2 19. Qh8+ Rf8 20. Qxh7
Kd8 21. Ke1 Rf4 22. Qg7 Rf5 23. Bd3 Rh5 24. Kf2 Kc7 25. Qe7 Nc6 26. Rc1 Rc5 27.
Rxc5 bxc5 28. bxc6 Bxc6 29. b5 Bd5 30. Qxc5+ Kb7 31. Bc4 Bxc4 32. Qxc4 Rf8+ 33.
Ke3 Rf5 34. g4 Re5+ 35. Kf2 Rd5 36. Qxd5+ exd5 37. g5 Kb6 38. g6 Kxb5 39. g7
Kc5 40. g8=Q d4 41. Qa8 d6 42. Qxa7+ Kd5 43. h4 d3 44. h5 d2 45. Qa5+ Ke6 46.
Qxd2 d5 47. Qf4 Kd7 48. Ke3 Kc6 49. Kd4 Kb6 50. Kxd5 Kb7 51. Qf2 Kc8 52. Qf7
Kd8 53. Kd6 Kc8 54. Qc7# {QueenMaxima checkmated} 1-0

[Event "ICS rated blitz match"]
[Site "204.178.125.65"]
[Date "2000.10.03"]
[Round "?"]
[White "QueenMaxima"]
[Black "Hossa"]
[Result "1-0"]
[WhiteElo "2525"]
[BlackElo "2548"]
[PlyCount "103"]
[EventDate "2000.??.??"]

1. d4 f5 2. c4 Nf6 3. g3 d6 4. Bg2 e6 5. Nf3 Be7 6. O-O O-O 7. Nc3 Kh8 8. Bg5
Nc6 9. h3 Bd7 10. Qc2 Be8 11. Rfd1 Bh5 12. Qb3 Rb8 13. Bf4 Ne4 14. Qc2 Nb4 15.
Qa4 Nc6 16. Qc2 Nxc3 17. bxc3 Qd7 18. Rab1 Na5 19. Rb4 b6 20. Qa4 Qd8 21. Rbb1
Be8 22. Qb4 d5 23. c5 Nc6 24. cxb6 Bxb4 25. bxc7 Qe7 26. cxb8=Q Nxb8 27. Bg5
Qc7 28. Rxb4 Nd7 29. Rc1 Qa5 30. Rc2 Bh5 31. Rcb2 Qc7 32. R2b3 Nb6 33. Bf4 Qe7
34. a4 Rc8 35. a5 Nc4 36. Rb8 Re8 37. R8b7 Qf8 38. Rxa7 Nd6 39. Ng5 Nc8 40.
Rab7 h6 41. Nf3 Nd6 42. Rd7 Nc4 43. a6 Na5 44. Rb5 Qa3 45. a7 Qa1+ 46. Kh2 Nc6
47. Rbb7 Qa3 48. Rxg7 Bxf3 49. Rh7+ Kg8 50. Rbg7+ Kf8 51. Bxh6 Bxg2 52. Rg6# {
Hossa checkmated} 1-0

[Event "ICS rated blitz match"]
[Site "204.178.125.65"]
[Date "2000.10.03"]
[Round "?"]
[White "Hossa"]
[Black "QueenMaxima"]
[Result "1-0"]
[WhiteElo "2531"]
[BlackElo "2544"]
[PlyCount "111"]
[EventDate "2000.??.??"]

1. e4 c5 2. Nf3 e6 3. d4 cxd4 4. Nxd4 Nf6 5. Nc3 Bb4 6. e5 Ne4 7. Qg4 Nxc3 8.
Qxg7 Rf8 9. a3 Nb5+ 10. axb4 Nxd4 11. Bg5 Qxg5 12. Qxg5 Nxc2+ 13. Kd1 Nxa1 14.
Qc1 Nc6 15. Qxa1 Nxe5 16. Qa5 f6 17. Qc7 Rg8 18. g3 Ng4 19. Ke2 Rg5 20. h3 Nh6
21. Kd2 Rd5+ 22. Bd3 Nf7 23. Ke3 Rh5 24. g4 Rh4 25. Qg3 Rh6 26. f4 d5 27. Rd1
Bd7 28. Bb1 Rc8 29. h4 Ba4 30. Rd4 Rc1 31. Bd3 Rh1 32. h5 Nd8 33. b5 Bb3 34.
Rb4 d4+ 35. Kxd4 Bd5 36. f5 a5 37. Ra4 b6 38. Ra3 Kd7 39. Rc3 Ke8 40. fxe6 Ba2
41. Rc8 Bxe6 42. Qe3 f5 43. Rxd8+ Kxd8 44. Qxh6 Bd7 45. Qxb6+ Ke8 46. Qxa5 Rg1
47. b6 Rxg4+ 48. Kc3 Kf7 49. b7 Rg1 50. b8=Q Rc1+ 51. Kd4 Rc8 52. Qd5+ Kf6 53.
Qbd6+ Be6 54. Q5xe6+ Kg5 55. Qxf5+ Kh4 56. Qdf4# {QueenMaxima checkmated} 1-0

[Event "ICS rated blitz match"]
[Site "204.178.125.65"]
[Date "2000.10.03"]
[Round "?"]
[White "QueenMaxima"]
[Black "Hossa"]
[Result "0-1"]
[WhiteElo "2527"]
[BlackElo "2548"]
[PlyCount "144"]
[EventDate "2000.??.??"]

1. d4 d5 2. c4 e6 3. Nc3 Nf6 4. cxd5 exd5 5. Bg5 Be7 6. Nf3 c6 7. Qc2 Na6 8. a3
Nc7 9. e3 Ne6 10. Bh4 O-O 11. Bd3 g6 12. O-O Bd6 13. Ne5 Ng7 14. e4 Ne6 15. Ng4
g5 16. Nxf6+ Qxf6 17. e5 Nxd4 18. Bxh7+ Kh8 19. exf6 Nxc2 20. Bxc2 gxh4 21.
Rae1 Bc7 22. h3 Be6 23. Na4 Bd8 24. Re5 Bxf6 25. Rh5+ Kg8 26. Rh6 Be7 27. Rd1
Rfd8 28. Nc3 d4 29. Ne2 c5 30. Bd3 Bg5 31. Rh5 f6 32. f4 Bf7 33. Rh7 c4 34. Be4
d3 35. fxg5 dxe2 36. Re1 Rd1 37. Kf2 Rxe1 38. Kxe1 fxg5 39. Kxe2 Re8 40. Kf3
Rc8 41. Kf2 Rd8 42. Rh6 Rd2+ 43. Kg1 Rxb2 44. Rd6 Ra2 45. Bxb7 Ra1+ 46. Kf2
Rxa3 47. Rd7 Ra2+ 48. Ke3 a5 49. Be4 Kf8 50. Rb7 Ra1 51. Rb5 a4 52. Rxg5 a3 53.
Ra5 a2 54. Ra8+ Kg7 55. Ke2 c3 56. g4 hxg3 57. Kd3 Re1 58. Bb7 a1=Q 59. Rxa1
Rxa1 60. Kxc3 Rg1 61. Kd4 g2 62. Bxg2 Rxg2 63. Ke5 Rh2 64. Kf5 Rxh3 65. Ke5 Rd3
66. Kf5 Re3 67. Kf4 Re2 68. Kg5 Re4 69. Kf5 Bd5 70. Kg5 Be6 71. Kh5 Kf6 72. Kh6
Rh4# {QueenMaxima checkmated} 0-1

[Event "ICS rated blitz match"]
[Site "204.178.125.65"]
[Date "2000.10.03"]
[Round "?"]
[White "Hossa"]
[Black "QueenMaxima"]
[Result "1-0"]
[WhiteElo "2563"]
[BlackElo "2512"]
[PlyCount "137"]
[EventDate "2000.??.??"]

1. e4 c5 2. Nf3 e6 3. d4 cxd4 4. Nxd4 Nf6 5. Nc3 Bb4 6. Bd3 d5 7. e5 Qc7 8.
exf6 Bxc3+ 9. bxc3 Qxc3+ 10. Qd2 Qxd2+ 11. Bxd2 gxf6 12. Be3 Bd7 13. Nb5 Bxb5
14. Bxb5+ Nc6 15. Bxc6+ bxc6 16. Rb1 Rg8 17. O-O Rg4 18. Rb7 Rc4 19. Rc1 a6 20.
f3 c5 21. Bd2 Ra4 22. Rb2 f5 23. Bg5 Rb4 24. Rcb1 Rab8 25. Bf6 Rxb2 26. Rxb2
Rxb2 27. Bxb2 d4 28. Kf2 Ke7 29. Ke2 Kd6 30. Bc1 Kd5 31. f4 f6 32. h4 e5 33. h5
e4 34. h6 Kd6 35. Bd2 Kd5 36. Ba5 c4 37. Bd8 d3+ 38. Kd2 Ke6 39. Bb6 Kd5 40.
Kc3 Ke6 41. Be3 Kf7 42. Kxc4 dxc2 43. Kd5 a5 44. a4 Ke7 45. Kc4 Kf7 46. Kb5 Kg6
47. Kxa5 Kxh6 48. Kb6 c1=B 49. Bxc1 Kh5 50. a5 Kg4 51. a6 Kg3 52. a7 Kxg2 53.
a8=Q Kf3 54. Qc6 h6 55. Qxf6 Kg4 56. Qxh6 Kf3 57. Qh1+ Ke2 58. Qxe4+ fxe4 59.
Kc6 Kd1 60. Kd5 Kxc1 61. Kxe4 Kd2 62. f5 Kc3 63. f6 Kc4 64. f7 Kc3 65. f8=Q Kc2
66. Qb4 Kd1 67. Qb2 Ke1 68. Ke3 Kf1 69. Qf2# {QueenMaxima checkmated} 1-0

[Event "ICS rated blitz match"]
[Site "204.178.125.65"]
[Date "2000.10.03"]
[Round "?"]
[White "QueenMaxima"]
[Black "Hossa"]
[Result "0-1"]
[WhiteElo "2498"]
[BlackElo "2577"]
[PlyCount "62"]
[EventDate "2000.??.??"]

1. d4 Nf6 2. Bf4 g6 3. Nf3 Bg7 4. e3 O-O 5. Nbd2 d6 6. h3 c5 7. c3 Bf5 8. dxc5
dxc5 9. Qb3 Qc8 10. O-O-O a5 11. Bc4 a4 12. Qa3 Nbd7 13. g4 Be4 14. g5 Bxf3 15.
gxf6 Bxh1 16. fxg7 Rd8 17. Rxh1 b5 18. Bxb5 Qb7 19. Rg1 Qxb5 20. c4 Qa5 21. Bh6
Ne5 22. Ne4 f5 23. Ng5 Nd3+ 24. Kd1 Rab8 25. Nf3 Ne5+ 26. Kc1 Nxf3 27. Rf1 Qd2+
28. Kb1 Ne1 29. e4 Qd1+ 30. Bc1 Qc2+ 31. Ka1 Qxc1# {QueenMaxima checkmated} 0-1